| 000 | 01959nam0a2200361 4500 | ||
|---|---|---|---|
| 001 | RU\NLR\bibl\288292 | ||
| 005 | 20260407145536.0 | ||
| 021 |
_aRU _b2002-12673 _9631 |
||
| 035 | _a(NLR Aleph) 000283708 | ||
| 090 |
_a1660556 _c1660556 |
||
| 100 | _a20020711d2001 |||y0rusy50 ca | ||
| 101 | 0 | _arus | |
| 102 | _aRU | ||
| 105 | _aa ||||||||| | ||
| 200 | 1 |
_aМетодические документы по организации ликвидации медико-санитарных последствий химических аварий _fМ-во здравоохранения Рос. Федерации, Всерос. центр медицины катастроф "Защита" |
|
| 210 |
_aМ. _cВсерос. центр медицины катастроф "Защита" _d2001 |
||
| 215 |
_a116 с. _d21 |
||
| 606 | 0 |
_aОтравления химическими веществами _jМетодические пособия _xМедицинская помощь _92208749 _3RU\NLR\auth\661326926 |
|
| 606 | 0 |
_aМедицинская помощь при авариях на химических заводах _jМетодические пособия _92106448 _3RU\NLR\auth\661273416 |
|
| 606 | 0 |
_aХимические заводы _jМетодические пособия _xАварии _xМедицинская помощь населению _92106447 _3RU\NLR\auth\661273415 |
|
| 610 | 0 | _aХимические заводы - Аварии - Ликвидация последствий | |
| 675 |
_a614.2:614.878 _v3 _zrus |
||
| 686 |
_a76.75 _2rugasnti |
||
| 686 |
_a51.1(2).1 _2rubbk |
||
| 686 | _aР419.4я8 | ||
| 686 | _aР11(2)23я8 | ||
| 712 | 0 | 2 |
_4570 _a"Защита", всероссийский центр медицины катастроф _3RU\NLR\AUTH\8810022299 _9542603 |
| 801 | 0 |
_aRU _bRKP _c20020711 _gPSBO |
|
| 801 | 1 |
_aRU _bRKP _c20020711 |
|
| 801 | 2 |
_aRU _bNLR _c20020828 _grcr |
|
| 942 | _cBOOK | ||
| 980 | _aNB | ||